000 01240nam a2200349 i 4500
001 000036856
003 DO-SdBNP
005 20260310142516.0
007 ta
008 120202s2011 dr 000 0 spa d
020 _a9789993467717
040 _aDO-SdBNP
_bspa
_cBNPHU
_erda
041 _aspa
082 4 _a338.542
_bA696b
_222
100 1 _aArias, José Adalberto,
_d1951-
_943084
_4aut.
_eautor
245 1 4 _aLos bancos, culpables del crash 2007-2008? /
_cJosé Adalberto Arías.
250 _aPrimera edición
_b
264 _aSanto Domingo :
_bEditora Búho,
_c2011.
300 _a202 páginas ;
_c24 cm.
336 _atexto
_btxt
_2rdacontent
337 _asin mediación
_bn
_2rdamedia
338 _avolumen
_bnc
_2rdacarrier
500 _aIncluye datos biográficos del autor en las solapas.
504 _aIncluye referencias bibliográfica y notas al pie de las páginas
590 _aInventariado,2018/DG
650 4 _aCrisis económica
_y2007-2008
_963210
650 0 _aBancos
_97047
651 4 _aPaíse Desarrollados
_xCondiciones económicas
_y2007-2008
_963211
651 4 _aPaíses en desarrollo
_xCondiciones económicas
_y2007-2008
_963212
910 _aValidado. Control de calidad MFF
942 _2ddc
_cLBS1
999 _c36347
_d36347